Top 200 Girl Names of the 1940s (USA) - Statistics

General Stats
  • This quiz has been taken 185 times
  • The average score is 120 of 200
Answer Stats
Hint Answer % Correct
M Marie
99%
M Mary
99%
A Anne
95%
A Ann
93%
J Jean
91%
J Jo
91%
L Lynda
90%
L Laura
87%
P Pat
87%
P Patricia
87%
L Linda
86%
M Maria
86%
B Barbara
85%
C Catherine
85%
J Jane
85%
K Katherine
85%
K Kathryn
85%
S Sara
84%
E Elizabeth
83%
J Joan
83%
V Vicki
83%
C Carol
82%
C Carole
82%
L Lillian
82%
L Lillie
82%
R Rose
82%
S Sue
82%
V Victoria
82%
A Anna
80%
M Margaret
80%
E Emma
79%
J Joanne
79%
L Lucille
79%
L Lucy
79%
S Susan
79%
B Betty
78%
E Ella
78%
J Joann
78%
J Julia
77%
E Emily
76%
J Judith
76%
J Judy
76%
J Julie
76%
H Helen
75%
N Nancy
75%
R Ruth
75%
C Charlotte
74%
D Deanna
74%
D Diana
74%
D Dorothy
74%
E Ellen
74%
K Karen
74%
A Alice
72%
M Martha
72%
S Sandra
72%
D Donna
71%
G Grace
71%
J Jeanne
71%
R Rebecca
71%
D Dianne
70%
F Frances
70%
J Janet
70%
R Rachel
70%
C Caroline
69%
C Christine
68%
D Diane
68%
J June
68%
L Louise
68%
V Vivian
68%
D Deborah
67%
D Doris
67%
E Edith
67%
P Paula
67%
B Brenda
66%
G Gayle
66%
P Pamela
66%
F Florence
64%
M Marian
64%
M Marianne
64%
M Marion
64%
M Maryann
64%
P Pauline
64%
S Sharon
64%
C Cathy
63%
E Eva
63%
E Evelyn
63%
J Joy
63%
K Kathleen
63%
K Kathy
63%
T Teresa
63%
T Theresa
63%
B Beatrice
62%
J Josephine
62%
R Ruby
62%
E Eleanor
61%
E Esther
61%
I Irene
61%
R Rosa
61%
V Virginia
61%
C Cynthia
60%
J Jackie
60%
J Jacqueline
60%
J Jill
60%
A Annie
59%
B Bobbie
59%
B Bonnie
59%
J Janice
59%
J Janis
59%
V Vera
59%
S Sarah
57%
S Shirley
57%
W Wanda
57%
C Clara
56%
J Jessie
56%
J Joyce
56%
V Valerie
56%
G Gladys
55%
M Michele
55%
E Eileen
54%
A Audrey
53%
C Cheryl
53%
E Elaine
53%
G Georgia
53%
M Marilyn
53%
P Penny
53%
S Stephanie
53%
G Gloria
52%
H Harriet
52%
M Maureen
52%
S Sally
52%
V Veronica
52%
E Ethel
51%
M Marjorie
51%
R Rita
51%
S Sheila
51%
C Connie
49%
C Constance
49%
L Lynne
49%
P Peggy
49%
P Phyllis
49%
S Suzanne
49%
A Angela
48%
E Edna
48%
L Lois
48%
L Lynn
48%
G Geraldine
47%
B Beverly
46%
M Mildred
46%
R Rosie
46%
S Sylvia
46%
Y Yvonne
46%
D Darlene
45%
D Delores
45%
D Dolores
45%
R Rosemary
45%
S Sherry
45%
B Bernice
44%
B Bertha
44%
K Kay
44%
P Patsy
44%
R Roberta
44%
S Stella
44%
G Gail
43%
G Gwendolyn
43%
H Hazel
43%
L Loretta
43%
L Lorraine
43%
W Wilma
43%
A Anita
41%
C Carolyn
41%
P Priscilla
41%
G Glenda
40%
M Margie
40%
A Annette
39%
A Arlene
39%
N Norma
39%
C Charlene
38%
I Ida
38%
J Jeanette
38%
L Leslie
38%
P Patty
38%
A Alma
37%
B Billie
37%
M Marlene
37%
A Andrea
36%
F Faye
36%
M Marcia
36%
M Marsha
36%
M Minnie
36%
R Rosalie
36%
T Terry
32%
T Thelma
32%
C Claudia
31%
M Maxine
31%
R Regina
29%
W Willie
26%
P Paulette
25%
J Janie
24%
J Juanita
23%
M Mattie
15%
No matching quizzes found
Score Distribution
Percent of People with Each Score
Percentile by Number Answered
Your Score History
You have not taken this quiz